000 00577nam a22002177a 4500
003 UA-OsUOA
001 63201
007 ta
008 20090918b un ||||| |||| 00| 0 ukr d
100 _aМакогон Ю.
090 _a330(477)
_bМ16
942 _cSA
040 _aUA-OsUOA
_bukr
_cUA-OsUOA
_dUA-OsUOA
245 _aСтратегія виходу еконміки зкризи
300 _aС.33-36
955 _a0
041 _aukr
080 _a330(477)
773 0 _w63200
_tЕкономіст
_dК.
_d2009
_g6
650 7 _a330 Економіка взагалі
_2UDC
999 _c349296
_d349296